00000000nam 2200000zi 4500
0019.953208
003CaOODSP
00520250822083223
006m     o  d f      
007cr |n|||||||||
008250715e202508  oncd    ob   f000 0 eng d
020 |a9780660781457
040 |aCaOODSP|beng|erda|cCaOODSP
043 |an-cn-nf
0861 |aFs70-7/2025-023E-PDF
24500|aUpdate of NAFO division 3KLPs Atlantic herring (Clupea harengus) to 2024.
24637|aUpdate of 3KLPs Atlantic herring
264 1|aOttawa : |bCanadian Science Advisory Secretariat, |cAugust 2025.
264 4|c©2025
300 |a1 online resource (14 pages) : |bgraphs.
336 |atext|btxt|2rdacontent
337 |acomputer|bc|2rdamedia
338 |aonline resource|bcr|2rdacarrier
4901 |aScience response, |x1919-3769 ; |v2025/023
500 |aIssued also in French under title: Mise à jour de l'état des stocks de hareng de l'atlantique des divisions 3KLPS de l'OPANO (Clupea harengus) jusqu'en 2024.
500 |aCaption title.
504 |aIncludes bibliographical references (page 13).
650 0|aAtlantic herring|zNewfoundland and Labrador|zAtlantic Coast.
650 0|aAtlantic herring fisheries|zNewfoundland and Labrador|zAtlantic Coast.
650 0|aFish stock assessment|zNewfoundland and Labrador|zAtlantic Coast.
7101 |aCanada. |bDepartment of Fisheries and Oceans. |bNewfoundland and Labrador Region, |eissuing body.
7102 |aCanadian Science Advisory Secretariat, |eissuing body.
77508|tMise à jour de l'état des stocks de hareng de l'atlantique des divisions 3KLPS de l'OPANO (Clupea harengus) jusqu'en 2024.|w(CaOODSP)9.953210
830#0|aScience response (Canadian Science Advisory Secretariat)|v2025/023.|w(CaOODSP)9.506232
85640|qPDF|s1.49 MB|uhttps://publications.gc.ca/collections/collection_2025/mpo-dfo/fs70-7/Fs70-7-2025-023-eng.pdf